Quizzes
Events
Quiz Creation
Community
Videos
Private Events
Remove Ads
Sign In
Join for FREE
Feedback
Dark Mode
Quiz Categories
Sports
Geography
Music
Movies
Television
Just For Fun
Miscellaneous
History
Literature
Language
Science
Gaming
Entertainment
Religion
Holiday
For Kids
Quiz Lab
Recent
Popular Today
Quiz Kudos Today
Editor Picks
Curator Picks
Quizzes by...
Day
Popularity
Type
Ratings
Length
Year
Community
Subscriptions
Recent Discussions
Orange Saloon
Badges
Playlists
Quests
Create
Leaderboards
Showdown
Live 5
Trivia Bingo
Activity
Puzzle Library
Sporcle Events
Private Events
Virtual Trivia
Globe League
Become a Host
Pub Owners
SporcleCon
Opinionation
Our Games
Videos
Blog
Mobile Apps
Partnerships
Remove Ads and Go Orange
Feedback
Sports
Athletes
MLB
NBA
NHL
NFL
Soccer
Sports Teams
WWE
NCAA
Football
Premier League
Basketball
Baseball
Hockey
Golf
Tennis
Cricket
Rugby
Auto Racing
Olympics
World Cup
Sports
Athletes
MLB
NBA
NHL
NFL
Soccer
Sports Teams
WWE
NCAA
Football
Premier League
Basketball
Baseball
Hockey
Golf
Tennis
Cricket
Rugby
Auto Racing
Olympics
World Cup
Random Quiz
Search Sporcle
×
Quiz Lab
Quiz Lab
Sports
NBA
Type in answers that appear in a list
Type in answers that appear in a list
Classic
Best Score? Go Orange.
2014 NBA All-Star Voting Stats
Can you name the 2014 NBA All-Star leading Vote-getters?
By
jwil2347
6m
50 Questions
231 Plays
231 Plays
231 Plays
Comments
Comments
Give Quiz Kudos
Give Quiz Kudos
-
- Ratings
hide this ad
More Info
Replay
Link that replays current quiz
Next Quiz
Link to next quiz in quiz playlist
You Got
0%
They Got
Avg Score
75%
Avg Friend Score
Upgrade to see
Score Distribution
Jump to the score distribution portion of the page
Score
0/50
Timer
06:00
0
Plays Today
Hint
Answer
% Correct
East
LeBron James
99.6%
West
Kevin Durant
95.2%
East
Dwyane Wade
93.9%
West
Kobe Bryant
93.9%
East
Chris Bosh
92.6%
East
David West
91.8%
West
Russell Westbrook
91.3%
East
Paul George
90.5%
West
Chris Paul
89.2%
West
Stephen Curry
88.7%
West
Blake Griffin
88.3%
West
James Harden
87.9%
East
Carmelo Anthony
87.4%
East
Paul Pierce
87%
East
Kevin Garnett
86.1%
West
Dwight Howard
86.1%
West
Tim Duncan
82.7%
East
Derrick Rose
81.8%
East
Joakim Noah
81.4%
West
Tony Parker
81.4%
West
Pau Gasol
81.4%
West
Dirk Nowitzki
81.4%
West
Kevin Love
81%
East
Kyrie Irving
80.1%
East
John Wall
80.1%
Hint
Answer
% Correct
East
Roy Hibbert
78.8%
West
LaMarcus Aldridge
78.4%
West
Anthony Davis
76.6%
West
Damian Lillard
76.6%
East
Rajon Rondo
74.9%
East
Deron Williams
74.9%
East
Josh Smith
73.6%
West
Klay Thompson
72.3%
East
DeMar DeRozan
70.6%
East
Ray Allen
69.7%
West
DeMarcus Cousins
65.4%
West
David Lee
64.5%
East
Loul Deng
61.9%
East
Carlos Boozer
61.9%
West
Andre Iguodala
61.9%
East
Tyson Chandler
60.6%
East
Andre Drummond
58.4%
West
Andrew Bogut
57.6%
East
Jeff Green
56.7%
West
Jeremy Lin
54.5%
West
Ricky Rubio
54.1%
East
Lance Stephenson
52.8%
East
George Hill
50.6%
West
Chandler Parsons
47.2%
West
Omer Asik
25.5%
Quiz Playlist
Details
Report
Send in Message
Add To Playlist
More Info:
10 Backcourt and 15 Frontcourt for each conference
Classic:
Type in answers that appear in a list
Quiz Source
Last Updated: Feb 16, 2017
Quiz Scoreboard
CHALLENGE
Sign Up to Join the Scoreboard
Show All
Scores
Hide
Comments
May contain spoilers
Recently Published
College Basketball Coaching Resumes
by pancakes188
Sports
9m
Billboard Blitz: Fleetwood Mac
by CooCooCachoo
Music
15s
Presidents Visiting Landmarks
by Hejman
History
7m
More to Explore
Quiz From the Vault
Featured Blog Post
Where Did the Easter Bunny Come From?
hide this ad
You Might Also Like...
Tags
Basketball Quiz
NBA Quiz
All-Star
east
East-west
NBA All-Star
NBA Player
Vote-getter
Western Conference
Today's Top Quizzes in Sports
Browse Sports
hide this ad
Today's Top Quizzes in NBA
Browse NBA
Top Contributed Quizzes in Sports
1
Les meilleurs buteurs des matchs entre le PSG et l’OM
2
2022 World Cup Stars
3
FIFA Club World Cup Champions
4
Les entraîneurs de l'OM et du PSG au 21e siècle
5
Criteria MLB: Left Handed Sluggers
6
AFC Teams Reveal (Wrong Answers Minefield)
7
5-to-1: UK Sports Teams
8
Name the Premier League winners with different clubs
9
5-to-1: FBS Animal Nicknames
10
Players with Multiple 50 Home Run Seasons
Explore More
Trending Topics
NBA
Crossword
Anime
Kpop
Harry Potter
Marvel
Disney
Country
Puzzle
Song
Soccer
The Office
WWE
Pokémon
NFL
hide this ad
More By:
jwil2347
Quiz
Plays
Rating
Category
Featured
Created
NBA Rookie Stat Leaders (2000s)
70,392
4.57
Sports
May 21, 2014
NBA Per Game Leaders by Team (2013-2014)
69,451
4.67
Sports
Apr 17, 2014
NBA Rookie Stat Leaders (1990s)
61,416
4.61
Sports
May 22, 2014
NBA Centers of the 90s
9,524
4.75
Sports
Apr 2, 2014
NBA Guards of the 90s
7,552
4.70
Sports
Apr 2, 2014
Go to Creator's Profile
Score Distribution
Quiz Creator Spotlight
jwil2347
Follow
Send a Message
Quizzes Created
-
Created Quiz Play Count
-
More By This Creator
Popular Quizzes Today
1
Find the US States - No Outlines Minefield
2
Find the Countries of Europe - No Outlines Minefield
3
The Countries of the World
4
Find the US States
5
Risky Map Clicking: Biggest States A-Z
6
US States
7
Popular People in 1961
8
Movies - When Are They Set?
More Sports Quizzes
MLB Most Career Grand Slams
Published
Trending Quizzes
Risky Map Clicking: Least Populous States A-Z
1-10 Letter G Words
1-10 Letter F Words
Risky Map Clicking: Next State Alphabetically
Click the Washington State Counties! (Map)
Recently Updated
Leaping Animals
pecheneg
Reality TV Shows (A-Z)
bhenderson79
Rickey Henderson's Hall of Fame Teammates
pecheneg
Champions League XIs: Arsenal
pecheneg
Quick Pick: Celebrities in WWE's Hall of Fame
aduchscher
A-Z Keypad Blitz II
pecheneg
Multiple Oscar Actors
pecheneg
Mystery Phrase Blitz: Oscar 'Best Actors'
pecheneg
F. Scott Fitzgerald Novels
LTH
Pick 3 Villains
ddd62291
Trending Topics
Marvel
Anime
Kpop
Disney
Crossword
NBA
Harry Potter
Puzzle
The Office
Country
NFL
Song
Pokémon
WWE
Soccer
Your Account Isn't Verified!
In order to create a playlist on Sporcle, you need to verify the email address you used during registration. Go to your
Sporcle Settings
to finish the process.
Report this User
Report this user for behavior that violates our
Community Guidelines
.
Details:
Send Report
Go to the Sporcle.com Mobile Site →
Comments